000 01058nam a22003377a 4500
001 BR9702270
003 BR-BrBNA
005 20230928095423.0
007 ta
008 230509b bl.||||| |||| 00| 0 por d
040 _aBR-BrBNA
_bpor
_cBiblioteca Nacional de Agricultura
041 _a(Por)
072 _aP06
_b8961
_b0230
090 _ 8961 BR9702270
100 1 _aLoureiro, N.M.
100 1 _aAlves, A. da S.
100 1 _aOiticica, J.
110 1 _aBanco do Nordeste do Brasil S.A., Fortaleza, CE (Brasil)
110 1 _aSuperintendencia do Desenvolvimento do Nordeste, Fortaleza, CE (Brasil)
_910124
111 1 _a1. Simposio sobre Producao de Alcool no Nordeste
_cFortaleza, CE (Brazil)
_d10-12 Aug 1977
245 1 _aPossibilidades de producao de alcool a partir de cana-de-acucar
260 3 _aFortaleza, CE (Brasil):
_c1977.
300 _a31 p.
650 _aAlcool
650 _aCana de Acucar
650 _aDestilaria
650 _aDestilacao
650 _aFermentacao
909 _a202309
_bLucia
_c55
_dLucia Elande
942 _cBK
999 _c56464
_d56464